Komentovaná judikatura k a.s. ... : výběr k ... /

Hlavní autor: Chalupa, Ivan, 1985-
Další autoři: Reiterman, David
Jazyk: Čeština
Vydáno: Praha : Wolters Kluwer, [2019]-
Vydání: Vydání první
Témata:
Fyzický popis: ^^^svazků ; 24 cm
Odebírané svazky: 2019-2023-
Noviny a časopisy
Uloženo v:
LEADER 02648nas a2200637 i 4500
001 nkc20223441555
003 CZ PrNK
005 20240304101527.0
007 ta
008 220808c20199999xr hr m 0 b0cze
015 |a cnb003441555  |z cnb003088135  |z cnb003416462 
035 |a (OCoLC)1107847434 
035 |a (OCoLC)1344359379 
040 |a ABA001  |b cze  |e rda 
043 |a e-xr--- 
045 |a y-y- 
072 7 |a 347.7  |x Obchodní právo. Finanční právo. Právo průmyslového vlastnictví. Patentové právo. Autorské právo  |2 Konspekt  |9 16 
080 |a 347.725  |2 MRF 
080 |a 347.951  |2 MRF 
080 |a (437.3)  |2 MRF 
080 |a (048.8)  |2 MRF 
100 1 |a Chalupa, Ivan,  |d 1985-  |7 xx0164393  |4 cwt 
245 1 0 |a Komentovaná judikatura k a.s. ... :  |b výběr k ... /  |c Ivan Chalupa, David Reiterman 
250 |a Vydání první 
264 1 |a Praha :  |b Wolters Kluwer,  |c [2019]- 
300 |a ^^^svazků ;  |c 24 cm 
310 |a 1x za 3 roky 
336 |a text  |b txt  |2 rdacontent 
337 |a bez média  |b n  |2 rdamedia 
338 |a svazek  |b nc  |2 rdacarrier 
362 0 |a 2019- 
500 |a Součástí názvu je od ročníku 2021 označení běžného roku a součástí podnázvu datum 
500 |a Jednotlivé svazky mají ISBN 
541 |c pv-i 
588 |a Popsáno podle: 2021, včetně r, 2023  |5 CZ-PrNK 
648 7 |a 21. století  |7 ch460559  |2 czenas 
650 0 7 |a akciové společnosti  |7 ph114012  |z Česko  |2 czenas 
650 0 7 |a soudní rozhodnutí a stanoviska  |7 ph125859  |z Česko  |y 21. století  |2 czenas 
650 0 9 |a joint-stock companies  |z Czechia  |2 eczenas 
650 0 9 |a judgments  |z Czechia  |y 21st century  |2 eczenas 
655 7 |a přehledy  |7 fd133202  |2 czenas 
655 9 |a surveys  |2 eczenas 
700 1 |a Reiterman, David  |7 osa2014846700  |4 cwt 
902 |a 978-80-7598-423-4  |q (2019 ;  |q brožováno) 
902 |a 978-80-7676-407-1  |q (2021 ;  |q brožováno) 
902 |a 978-80-7676-701-0  |q (2023 ;  |q brožováno) 
910 2 |a BOA001  |b 04499-1427.591  |s 2019-2023- 
920 |a 001682669 
928 9 |a Wolters Kluwer ČR 
990 |a SE 
995 |a 01 
991 |b 202208 
996 6 |b 2610783033  |c 04499-1427.591  |d 2019  |y 2019  |l MZK  |r Sklad / do 1 hodiny  |n 2  |p p.v.  |w 001897101  |u 000020  |a 1  |e BOA001  |j MZK50  |s P 
996 6 |b 2610797323  |c 04499-1427.591  |d 2019  |y 2019  |l MZK  |r Sklad / do 1 hodiny  |n 2  |p kup  |w 001897101  |u 000030  |a 1  |e BOA001  |j MZK50  |s P 
996 6 |b 2610909671  |c 04499-1427.591  |d 2021  |y 2021  |l MZK  |r Sklad / do 1 hodiny  |n 1  |p p.v.  |w 001897101  |u 000010  |a 1  |e BOA001  |j MZK50  |s P 
996 6 |b 2610963302  |c 04499-1427.591  |d 2023 (výběr k 1.3.2023)  |y 2023  |l MZK  |r Sklad / do 1 hodiny  |n 0  |p p.v.  |w 001897101  |u 000040  |a 1  |e BOA001  |j MZK50  |s P